[Event "44th North Shore Open"]
[Site "Auckland NZL"]
[Date "2017.08.26"]
[Round "2"]
[White "Hague, Ben"]
[Black "Fan, Allen Chi Zhou"]
[Result "1-0"]
[WhiteElo "2326"]
[BlackElo "2055"]
[PlyCount "113"]
[EventDate "2017.08.26"]

1. e4 Nf6 2. e5 Nd5 3. d4 d6 4. c4 Nb6 5. exd6 exd6 6. Bd3 Be7 7. Ne2 Bg4 8.
O-O Nc6 9. Be3 O-O 10. Nbc3 Nb4 11. b3 Nxd3 12. Qxd3 c6 13. Rae1 Qd7 14. Ng3
Bh4 15. Bf4 Rae8 16. h3 Bxg3 17. Qxg3 Bf5 18. Bxd6 Rxe1 19. Rxe1 Re8 20. Rxe8+
Qxe8 21. Qe3 Qxe3 22. fxe3 Nc8 23. Ba3 Bd3 24. e4 f6 25. Kf2 Kf7 26. Ke3 Bf1
27. Kf3 Ke6 28. Ne2 Bxe2+ 29. Kxe2 h5 30. Ke3 a6 31. Bc5 g6 32. a4 b6 33. Ba3
Na7 34. d5+ Kd7 35. c5 Nc8 36. cxb6 Nxb6 37. Bc5 Nc8 38. b4 g5 39. g3 Kc7 40.
dxc6 Kxc6 41. Bd4 f5 42. exf5 Nd6 43. g4 hxg4 44. hxg4 Kd5 45. Bf6 Nf7 46. Kd3
a5 47. b5 Kc5 48. Bd4+ Kd5 49. b6 Kc6 50. Ke4 Kd6 51. f6 Ke6 52. Bc5 Nd8 53.
Be7 Nc6 54. b7 Nb8 55. Bd8 Na6 56. Kd4 Kf7 57. Bc7 1-0

[Event "44th North Shore Open"]
[Site "Auckland NZL"]
[Date "2017.08.26"]
[Round "2"]
[White "Duneas, John"]
[Black "Gong, Daniel Hanwen"]
[Result "1/2-1/2"]
[WhiteElo "2034"]
[BlackElo "2278"]
[PlyCount "101"]
[EventDate "2017.08.26"]

1. d4 Nf6 2. c4 g6 3. Nc3 Bg7 4. e4 d6 5. Be2 O-O 6. f4 e5 7. dxe5 dxe5 8. Qxd8
Rxd8 9. fxe5 Nfd7 10. e6 fxe6 11. Nf3 Nc5 12. Bg5 Rd7 13. e5 Nc6 14. Be3 Na6
15. O-O Nxe5 16. Rad1 Ng4 17. Bc1 c5 18. h3 Ne5 19. Nxe5 Bxe5 20. Bh6 Rxd1 21.
Rxd1 Bd4+ 22. Kh1 Bd7 23. Bf3 Bc6 24. Bxc6 bxc6 25. Ne4 Nc7 26. b4 e5 27. Nxc5
a5 28. Nb3 axb4 29. Nxd4 Rd8 30. Rb1 exd4 31. Rxb4 d3 32. Rb7 Ne6 33. Bd2 Nc5
34. Re7 Ra8 35. Re5 Nb7 36. Re3 Ra3 37. Bb4 Rxa2 38. Rxd3 Ra4 39. Rb3 c5 40.
Ba3 Na5 41. Rb8+ Kf7 42. Bxc5 Rxc4 43. Be3 h5 44. Rb5 Nc6 45. Rc5 Rxc5 46. Bxc5
Ke6 47. Kg1 Kd5 48. Bb6 Ke4 49. Kf2 Nb4 50. Bc7 Nd5 51. Bd6 1/2-1/2

[Event "44th North Shore Open"]
[Site "Auckland NZL"]
[Date "2017.08.26"]
[Round "2"]
[White "McLaren, Leonard J"]
[Black "Li, Shenyue (Sherry)"]
[Result "1-0"]
[WhiteElo "2208"]
[BlackElo "2038"]
[PlyCount "59"]
[EventDate "2017.08.26"]

1. e4 c5 2. c3 d5 3. exd5 Qxd5 4. d4 Nf6 5. Nf3 Bg4 6. Be2 e6 7. h3 Bh5 8. Be3
Nbd7 9. O-O Be7 10. c4 Qc6 11. Nc3 O-O 12. d5 exd5 13. cxd5 Qd6 14. Qd2 Nb6 15.
Bf4 Qd7 16. d6 Bd8 17. Rad1 a6 18. Rfe1 Qc8 19. a4 Nbd7 20. Nd5 Kh8 21. Nc7
Bxc7 22. dxc7 Nb6 23. Bd6 Ne4 24. Qa5 Nd7 25. Bxf8 b6 26. Rxd7 Qxd7 27. Qxb6
Rxf8 28. Rd1 Qe7 29. Rd8 Nd6 30. Qxd6 1-0

[Event "44th North Shore Open"]
[Site "Auckland NZL"]
[Date "2017.08.26"]
[Round "2"]
[White "Mistry, Prashant"]
[Black "Steadman, Michael V R"]
[Result "0-1"]
[WhiteElo "2006"]
[BlackElo "2194"]
[PlyCount "56"]
[EventDate "2017.08.26"]

1. e4 g6 2. Nc3 Bg7 3. Bc4 a6 4. d4 d6 5. Be3 Nd7 6. Nf3 e6 7. O-O b5 8. Bd3
Bb7 9. b4 c5 10. a3 Rc8 11. Qd2 Qc7 12. dxc5 dxc5 13. Bxb5 cxb4 14. Rad1 Ngf6
15. Bxd7+ Qxd7 16. Qxd7+ Nxd7 17. Na2 bxa3 18. Rd2 Bxe4 19. Ng5 Bd5 20. Nb4 Bc3
21. Rxd5 exd5 22. Nxd5 Bb2 23. Ne4 O-O 24. Ne7+ Kg7 25. c3 Rce8 26. Bd4+ f6 27.
Nxf6 Nxf6 28. Nd5 a2 0-1

[Event "44th North Shore Open"]
[Site "Auckland NZL"]
[Date "2017.08.26"]
[Round "2"]
[White "Ang, Alphaeus Wei Ern"]
[Black "Krstev, Antonio"]
[Result "1-0"]
[WhiteElo "2141"]
[BlackElo "2034"]
[PlyCount "59"]
[EventDate "2017.08.26"]

1. d4 d5 2. c4 c6 3. Nc3 g6 4. Nf3 Bg7 5. Bf4 Nf6 6. e3 O-O 7. Be2 Nbd7 8. Ne5
dxc4 9. Nxc4 Nd5 10. Bg3 b5 11. Nxd5 cxd5 12. Ne5 Nxe5 13. dxe5 e6 14. O-O Rb8
15. Qd4 Qb6 16. Rfc1 a6 17. Rc5 Bb7 18. Rac1 h5 19. b4 Rfe8 20. Bh4 Bf8 21. Bf6
Be7 22. Bxh5 Bxf6 23. exf6 e5 24. Qh4 Rbc8 25. Bg4 Rxc5 26. bxc5 Qd8 27. c6 Bc8
28. Bxc8 d4 29. Bd7 dxe3 30. fxe3 1-0

[Event "44th North Shore Open"]
[Site "Auckland NZL"]
[Date "2017.08.26"]
[Round "2"]
[White "Polishchuk, Kirill"]
[Black "Wright, Caleb"]
[Result "1-0"]
[WhiteElo "2132"]
[BlackElo "1864"]
[PlyCount "81"]
[EventDate "2017.08.26"]

1. e4 d5 2. exd5 Qxd5 3. Nc3 Qd6 4. Nf3 Nf6 5. d4 c6 6. h3 Bf5 7. Bd3 Bg6 8.
Bg5 Nbd7 9. Qd2 e6 10. a3 Bxd3 11. Bf4 Qe7 12. Qxd3 g6 13. O-O Bg7 14. Rfe1 Nb6
15. Bg5 Rd8 16. Ne4 h6 17. Bh4 g5 18. Bg3 Nxe4 19. Qxe4 Nc4 20. Re2 O-O 21. h4
Rd5 22. b3 Nd6 23. Bxd6 Qxd6 24. hxg5 hxg5 25. c3 Rd8 26. g3 Bf6 27. Qg4 Kf8
28. b4 Rf5 29. Rae1 Qd5 30. Ne5 Ke7 31. c4 Qxd4 32. Qxf5 exf5 33. Nxc6+ Kf8 34.
Nxd4 Rxd4 35. Re8+ Kg7 36. c5 Rd3 37. R1e3 Rd2 38. Re2 Rd3 39. R8e3 Rd1+ 40.
Kg2 Bd4 41. Re7 1-0

[Event "44th North Shore Open"]
[Site "Auckland NZL"]
[Date "2017.08.26"]
[Round "2"]
[White "Morrell, Gordon"]
[Black "Mukkattu, Philip"]
[Result "1-0"]
[WhiteElo "2042"]
[BlackElo "1674"]
[PlyCount "107"]
[EventDate "2017.08.26"]

1. d4 d5 2. Nf3 Nf6 3. c4 c6 4. e3 dxc4 5. Bxc4 Bf5 6. Qb3 e6 7. Qxb7 Nbd7 8.
Nbd2 Be7 9. O-O O-O 10. Qb3 Rb8 11. Qd1 Nb6 12. Be2 h6 13. b3 Qc7 14. Bb2 Na4
15. Qc1 Nxb2 16. Qxb2 c5 17. Rac1 Rfc8 18. Rc4 Qd8 19. Rfc1 cxd4 20. Nxd4 Rxc4
21. Bxc4 Qd6 22. Nxf5 exf5 23. Qc2 Ng4 24. Nf3 g6 25. Qd1 Qa3 26. h3 Nf6 27.
Ne5 Rf8 28. Nxg6 Rd8 29. Nxe7+ Qxe7 30. Qf3 Qe5 31. Rd1 Rc8 32. Qf4 Qxf4 33.
exf4 Kg7 34. Rd6 Rc7 35. g3 Ne4 36. Rd5 Kg6 37. Kg2 Nc3 38. Rd6+ f6 39. a3 Re7
40. g4 fxg4 41. hxg4 Kg7 42. f5 Ne4 43. Re6 Rxe6 44. fxe6 Kf8 45. f4 Nd6 46. f5
h5 47. Kh3 hxg4+ 48. Kxg4 Ke7 49. Bd3 Kf8 50. Kf4 Ke7 51. Ke3 Nb7 52. Kd4 Kd6
53. b4 a5 54. Be4 1-0

[Event "44th North Shore Open"]
[Site "Auckland NZL"]
[Date "2017.08.26"]
[Round "2"]
[White "Picken, Oliver"]
[Black "Goodhue, Nathan"]
[Result "0-1"]
[WhiteElo "1866"]
[BlackElo "1968"]
[PlyCount "64"]
[EventDate "2017.08.26"]

1. e4 g6 2. d4 Bg7 3. Nc3 a6 4. Bc4 b5 5. Bb3 e6 6. e5 Bb7 7. Nf3 d5 8. Ne2 c5
9. c3 c4 10. Bc2 Nc6 11. Be3 Qd7 12. Qd2 h5 13. h4 Bh6 14. Ng3 Bxe3 15. fxe3
O-O-O 16. Rf1 Nge7 17. e4 dxe4 18. Nxe4 Nf5 19. Nc5 Qc7 20. Qf4 Nce7 21. Bxf5
Nxf5 22. a4 Rd5 23. axb5 axb5 24. Ra7 Rxc5 25. dxc5 Qxc5 26. Ra5 Rd8 27. Rf2
Rd1+ 28. Kxd1 Qxf2 29. Kc1 Ne3 30. Kb1 Qc2+ 31. Ka1 Qd1+ 32. Ka2 Nc2 0-1

[Event "44th North Shore Open"]
[Site "Auckland NZL"]
[Date "2017.08.26"]
[Round "2"]
[White "Runcan, Daniel-Ioan"]
[Black "Hair, Philip I"]
[Result "1-0"]
[WhiteElo "1936"]
[BlackElo "1847"]
[PlyCount "101"]
[EventDate "2017.08.26"]

1. e4 Nc6 2. d4 d5 3. e5 Bf5 4. c3 e6 5. Nd2 h5 6. Ndf3 Be7 7. Bd3 Bxd3 8. Qxd3
Nh6 9. Ne2 Nf5 10. Qb5 a6 11. Qd3 h4 12. h3 Qd7 13. b4 f6 14. Bf4 Kf7 15. O-O
b5 16. Rfe1 a5 17. a3 a4 18. Qxb5 Rhb8 19. Qd3 Na7 20. g4 hxg3 21. Nxg3 Nxg3
22. fxg3 Qb5 23. Qe3 f5 24. Nd2 Rh8 25. Kg2 Rag8 26. h4 Nc6 27. Rac1 Nd8 28. c4
dxc4 29. Rxc4 Qb7+ 30. Qf3 c6 31. Bg5 g6 32. Bxe7 Kxe7 33. Rh1 g5 34. hxg5 Ke8
35. Rcc1 Qg7 36. Rxh8 Rxh8 37. Qf4 Qh7 38. Nf3 Qh3+ 39. Kf2 Kd7 40. g6 Rg8 41.
Qh4 Qxh4 42. Nxh4 Rg7 43. Kf3 Ke8 44. Kf4 Kf8 45. Rc5 Rd7 46. Nf3 Rg7 47. Kg5
Nf7+ 48. Kf6 Nh6 49. Nh4 Ng8+ 50. Kxe6 Ne7 51. Ra5 1-0

[Event "44th North Shore Open"]
[Site "Auckland NZL"]
[Date "2017.08.26"]
[Round "2"]
[White "Nagorski, Alex"]
[Black "Lim, Benjamin U"]
[Result "1/2-1/2"]
[WhiteElo "1859"]
[BlackElo "1927"]
[PlyCount "130"]
[EventDate "2017.08.26"]

1. e4 c5 2. Nf3 d6 3. d4 cxd4 4. Nxd4 Nf6 5. Nc3 a6 6. Bg5 e6 7. f4 Qc7 8. Qf3
Nbd7 9. O-O-O b5 10. Bd3 Bb7 11. Rhe1 O-O-O 12. Bh4 Nc5 13. b4 Nb3+ 14. Nxb3
Qxc3 15. a3 Kb8 16. Bf2 d5 17. Bd4 dxe4 18. Bxe4 Qxf3 19. Be5+ Kc8 20. Rxd8+
Kxd8 21. gxf3 Nd5 22. Na5 Ba8 23. c4 bxc4 24. Nxc4 f6 25. Bd4 Kd7 26. Nb6+ Nxb6
27. Bxb6 Bd6 28. Rd1 Ke7 29. Be3 Rc8+ 30. Kd2 f5 31. Bxa8 Rxa8 32. Rc1 Kd7 33.
Rc4 Rb8 34. Bc5 Bc7 35. Ke3 Re8 36. Bd4 g6 37. a4 e5 38. fxe5 Bxe5 39. Bxe5
Rxe5+ 40. Kd2 g5 41. Rd4+ Ke6 42. f4 gxf4 43. Rxf4 Rd5+ 44. Ke3 Ke5 45. Rh4 Rd7
46. b5 axb5 47. axb5 Rb7 48. Rb4 Rb6 49. Kf3 h5 50. h4 Kf6 51. Kf4 Ke6 52. Kg5
Rb8 53. Rb1 Ke5 54. b6 Rg8+ 55. Kh6 f4 56. b7 Rb8 57. Kxh5 Ke4 58. Kg6 f3 59.
h5 f2 60. h6 Rxb7 61. Rh1 Rb6+ 62. Kg7 Kf3 63. h7 Rb7+ 64. Kg8 Rb8+ 65. Kg7 Kg2
1/2-1/2

[Event "44th North Shore Open"]
[Site "Auckland NZL"]
[Date "2017.08.26"]
[Round "2"]
[White "Johns, Daniel P"]
[Black "Qin, Nicole Shu Yu"]
[Result "1-0"]
[WhiteElo "1909"]
[BlackElo "1551"]
[PlyCount "61"]
[EventDate "2017.08.26"]

1. e4 e6 2. d4 d5 3. Nd2 c5 4. exd5 Qxd5 5. Ngf3 Nc6 6. Bc4 Qd8 7. Nb3 cxd4 8.
Nbxd4 Bd7 9. O-O Nxd4 10. Nxd4 Qc7 11. Qe2 Nf6 12. c3 a6 13. Bb3 Bd6 14. Nf3
O-O 15. Bg5 Nd5 16. Rad1 Bc6 17. h3 Nf4 18. Bxf4 Bxf4 19. Rd4 Rad8 20. Rfd1
Rxd4 21. Nxd4 Re8 22. Nxc6 Qxc6 23. Rd4 e5 24. Rc4 Qd7 25. g3 Bg5 26. Rc5 Bf6
27. Rd5 Qxh3 28. Qc4 e4 29. Re5 Rf8 30. Qxf7+ Rxf7 31. Re8# 1-0

[Event "44th North Shore Open"]
[Site "Auckland NZL"]
[Date "2017.08.26"]
[Round "2"]
[White "Seabrook, Roy"]
[Black "Zhang, Jasmine Haomo"]
[Result "1-0"]
[WhiteElo "1814"]
[BlackElo "1880"]
[PlyCount "69"]
[EventDate "2017.08.26"]

1. e4 c5 2. Nf3 d6 3. d4 cxd4 4. Nxd4 Nf6 5. Nc3 a6 6. Be2 e6 7. O-O Be7 8. Bg5
Nbd7 9. Qe1 Qc7 10. Rd1 b5 11. Bf3 Bb7 12. a3 O-O 13. Be2 Nb6 14. f3 h6 15. Bc1
d5 16. exd5 Nfxd5 17. Ne4 Nf6 18. Nf2 Bc5 19. Nb3 Bd5 20. Nxc5 Qxc5 21. Bd3 Nc4
22. Kh1 Rfd8 23. Ne4 Qe7 24. Qh4 Bxe4 25. fxe4 Ne5 26. Bxh6 gxh6 27. Rxf6 Qf8
28. Qg3+ Ng6 29. Rdf1 e5 30. Rxg6+ fxg6 31. Rxf8+ Kxf8 32. Qxg6 Re8 33. Qxh6+
Kg8 34. Qg6+ Kh8 35. h4 1-0